Risultati della Roma in UEFA Champions League 2018-2019 - Statistics

Statistiche generali
  • Questo quiz è stato fatto 15 volte
  • Il punteggio medio è 5 su 8
Statistiche sulle risposte
Hint Risposta % Corretto
Porto - Roma 3-1 d.t.s. (2-1)
80%
Roma - Viktoria Plzeň 5-0
73%
Roma - Real Madrid 0-2
67%
CSKA Mosca - Roma 1-2
60%
Roma - Porto 2-1
60%
Real Madrid - Roma 3-0
60%
Roma - CSKA Mosca 3-0
53%
Viktoria Plzeň - Roma 2-1
47%
Nessun quiz corrispondente trovato
Distribuzione punteggi
Percentuale di utenti per punteggio
Percentile per numero di risposta
I tuoi punteggi nel tempo
Non hai fatto questo quiz